Jetpunk Featured Quiz Challenge #3 - Statistics

General Stats
  • This quiz has been taken 114 times
  • The average score is 18 of 20
Answer Stats
Hint Answer % Correct
Countries Closest to Indonesia East Timor / Malaysia / Papua New Guinea / Singapore / Brunei / Australia / Philippines / India / Thailand / Myanmar / Vietnam / Cambodia / Palau / Micronesia / Laos / Sri Lanka / China / Solomon Islands / Bangladesh / Taiwan
99%
Presidential First Names John / Thomas / James / Andrew / Martin / William / Zachary / Millard / Franklin / Abraham / Ulysses / Rutherford / Chester / Stephen / Benjamin / Theodore / Warren/ Herbert / Franklin / Harry / Dwight / Lyndon / Richard / Gerald / Ronald / George / Donald / Barack
99%
Seven Continents Quiz Africa / Antarctica / Asia / Australia / Europe / North America / South America
98%
Animals that Start with L Lion / Llama / Lobster / Louse / Leopard / Loon / Lizard / Lamb / Lemur / Locust / Ladybug / Lynx / Lamprey / Leech / Lemming / Labrador
98%
Top 10 Most-Visited U.S. States New York / Florida / California / Nevada / Hawaii / Texas / Massachusetts / Illinois / Arizona / New Jersey
98%
Most-Grown Fruits Worldwide Watermelon / Banana / Apple / Grape /Orange /Mango /Tangerine / Melon / Cantaloupe / Pear / Pineapple / Peache / Lemon / Lime / Papaya / Plum / Strawberries / Grapefruit
98%
Top Romance Languages Spanish / Portuguese / French / Italian / Romanian / Catalan
97%
Saharan Countries Quiz Algeria / Chad / Egypt / Libya / Mali / Mauritania / Morocco / Tunisia / Niger / Sudan
95%
Top 10 Biggest African Countries by Area Algeria / DRC / Sudan / Libya / Chad / Niger / Angola / Mali / South Africa / Ethiopia
95%
Signs of the Zodiac Quiz Aries / Taurus / Gemini / Cancer / Leo / Virgo / Libra / Scorpio / Sagittarius / Capricorn / Aquarius / Pisces
95%
Cities Beginning With "D" Map Quiz Da Nang / Daegu / Dakar / Dalian / Dallas / Damascus / Dammam / Dar es Salaam / Darwin / Delhi / Denver / Des Moines / Detroit / Dhaka / Dijon / Dili / Djibouti / Dodoma / Doha / Donetsk / Dongguan / Davao / Douala / Dresden / Dubai / Dublin / Dundee / Dusseldorf / Durban / Dushanbe
95%
Noble Gases Helium / Neon / Argon / Krypton / Xenon / Radon
93%
US States with Short Names Ohio/ Iowa / Utah / Idaho / Maine / Texas
93%
Birthstones Quiz Garnet / Amethyst / Aquamarine / Bloodstone / Diamond / Emerald / Pearl / Moonstone / Alexandrite / Ruby / Peridot / Sapphire / Opal / Tourmaline / Topaz / Citrine / Turquoise / Zircon /Tanzanite
86%
Things that are Super Supernova / Supermarket / Super Mario / Superman / Super Bowl / Superintendent / Super Soaker / Super 8 / Super Glue / Supervisor / Supersize / Super Freak / Superbad / Superstorm / Superpower / Superfluous / Superlatives / Superego / Supersonic / Supernatural
81%
Rock Band Lead Singers Quiz Bono / Kurt Cobain / Robert Plant / Mick Jagger / Axl Rose / Freddie Mercury / David Byrne / Shirley Manson / Courtney Love / Steven Tyler / Billie Joe Armstrong / Thom Yorke / Chris Martin / Johnny Rotten / Joe Strummer / Jack White / Lou Reed / Jim Morrison / Michael Stipe / David Lee Roth / Sammy Hagar / Eddie Vedder / Roger Daltrey / Liam Gallagher
78%
African Physical Geography Mount Kilimanjaro / Mount Kenya / Nile / Congo / Niger / Sahara / Kalahari / Sahel / Cape of Good Hope / Strait of Gibraltar / Great Rift Valley / Atlas Mountains / Suez Canal / Victoria / Tanganyika / Madagascar / Malawi / Serengeti / Savanna / Horn of Africa
75%
Biggest Cities in Deserts Karachi / Cairo / Tehran / Lima / Baghdad / Riyadh / Khartoum / Alexandria / Amman / Phoenix / Jeddah / Kuwait City / Dubai / Damascus
74%
Rivers on Borders Rio Grande /Rhine / St. Lawrence / Danube / Ohio / Colorado / Mississippi /Mekong / Jordan / Amur / Columbia / Delaware / Missouri / Potomac / Red / Zambezi / Orange / Oder
72%
Caspian Sea Countries Azerbaijan / Iran / Kazakhstan / Russia / Turkmenistan
64%
No matching quizzes found
Score Distribution
Percent of People with Each Score
Percentile by Number Answered
Your Score History
You have not taken this quiz